| 000 | 00508nam a22001937a 4500 | ||
|---|---|---|---|
| 005 | 20251215150322.0 | ||
| 010 | _aENG-147325 | ||
| 020 |
_a9789389934427 _c375.00 |
||
| 035 | _aEN-130857 | ||
| 037 | _bDBAD | ||
| 082 |
_aS _21 |
||
| 100 |
_aGupta, Sharad _986090 |
||
| 245 |
_aSmiling Pages/ _cSharad Gupta |
||
| 250 | _a1 | ||
| 260 |
_aNew Delhi _bAllied Publishers Pvt Ltd. _c2025 |
||
| 270 |
_aA-104, Mayapuri, Phase-II _bNew Delhi _e110064 |
||
| 300 |
_a112p. _c24cm.(hb) |
||
| 942 |
_2ddc _cEN _hS _mGUP |
||
| 999 |
_c213927 _d213927 |
||